000 007650000a22002290004500
090 _aAR
_b02228
245 1 0 _aRediscovery of the white-cheeked parrot Amazona kawalli (<Grantsau and camargo 1989>), with notes on its ecology, distribution, and taxonomy
650 1 4 _aOrnitología
_993189
650 1 4 _aAves
_992429
650 1 4 _aTaxonomía animal
_98245
650 1 4 _aMorfología animal
_99953
650 1 4 _aEcología
_992250
650 1 4 _aDistribución
_992865
651 4 _lRío Tapajos
_pBrasil
_992749
653 _gAmazona
_eAmazona kawalli
653 _gAmazona
_eAmazona rubricauda
041 0 _aInglés
700 1 _aYamashita, Carlos
_992910
100 1 _aMartuscelli, Paulo
_995739
942 _cARTICULO
773 1 _tArarajuba
_3614
_h2
_q97-113
_d1997
_g5
999 _c11300
_d11300